|
|
|
|
| LEADER |
00000nam a22000007a 4500 |
| 005 |
20220817211353.0 |
| 007 |
cr|||| |||| |
| 008 |
220817s2021 br |||||s|||| 00||0 por d |
| 020 |
|
|
|a 978658935154-2
|
| 035 |
|
|
|a 36847
|
| 040 |
|
|
|a vLex
|
| 090 |
|
|
|c 13725
|d 13725
|
| 100 |
1 |
|
|a de Moraes Mello, Cleyson
|
| 245 |
1 |
0 |
|a Processo civil
|h [Recurso electrn̤ico] :
|b Teoria geral do processo processo de conhecimento /
|c Cleyson de Moraes Mello
|
| 256 |
|
|
|a Servicio en ln̕ea
|
| 260 |
|
|
|a Rio de Janeiro:
|b Editora Processo,
|c 2021
|
| 300 |
|
|
|a 1 recurso electrn̤ico
|
| 500 |
|
|
|a Esta obra oferece uma clara e panorḿica visô do processo civil, com n̊fase na teoria geral do processo e processo do conhecimento, a partir de uma visô constitucionalizada, incluindo uma farta anl̀ise jurisprudencial de seus principais institutos jurd̕icos. A obra foi didaticamente elaborada para alcanȧr todos os nv̕eis de interessados e interessadas, at ̌aqueles que procuram as melhores soluė̳s processuais no dia a dia forense. A obra possibilita, portanto, o conhecimento do enfoque acadm̊ico e profissional relativamente ̉teoria e prt̀ica, primando pela qualidade dos conceitos e categorias jurd̕icas.
|
| 506 |
1 |
|
|a Disponible solo en los productos indicados
|d vLex Global
|d vLex Global (Academic Edition, excluding Law Schools)
|d vLex Global (U.S. Academic Edition, Law Schools)
|d vLex Global (U.S. Academic Edition, excluding Law Schools)
|d vLex Global (Academic Edition, Law Schools)
|
| 650 |
0 |
4 |
|a Procedimiento Civil
|z Brasil
|
| 740 |
0 |
|
|a vLex Libros (Servicio en ln̕ea)
|
| 856 |
4 |
0 |
|u https://app.vlex.com/#/sources/36847
|z Acceso restringido
|
| 942 |
|
|
|c BOOK
|
| 999 |
0 |
|
|a Civil Procedure
|